| 000 | 00626nam a2200169Ia 4500 | ||
|---|---|---|---|
| 008 | 090711s9999 xx 000 0 und d | ||
| 082 | _b80155 | ||
| 100 | _aसूर्यवंशी उाgऎ. गो. | ||
| 245 | _aबहुजन हिताय बहुजन सुखाय | ||
| 260 | _c1970 | ||
| 300 | _a387 | ||
| 600 | _aसूर्यवंशी उाgऎ. गो. | ||
| 630 | _aबहुजन हिताय बहुजन सुखाय | ||
| 700 | _aसूर्यवंशी उाgऎ. गो. | ||
| 730 | _aबहुजन हिताय बहुजन सुखाय | ||
| 942 | _cBOOK | ||
| 999 |
_c318211 _d318211 |
||